00679nam a2200181 i 4500001000700000003000900007005001700016007000300033008004100036100005100077245009000128260003700218300003300255650003600288852003200324999001900356952012200375148630ES-MaACL20250815001141.0t|070214s1969 sp r ||||1| spa d1 aSuárez Fernández, Luis,d1924-2024924011210aHistoria social y económica de la Edad Media europea / cLuis Suárez Fernández. aMadrid : bEspasa Calpe, c1969. a416 p., 27 lám. ; c23 cm. 7aHistoria medieval2embne913411 aES-MaACLjC-38087 bR.70928 c148630d148630 00104070aATENEOMbATENEOMcDEPO2d2008-01-17eSCl0oC-38087p1155104r2023-02-23 00:00:00w2023-02-23yMONOGRAFIA